01328nam a22001817a 4500003000900000008004100009040007100050082003100121100001600152245003400168260003600202300002200238505077000260650002801030650002801058650002201086700003801108AR-CdUCM190223b ||||| |||| 00| 0 spa d aMUNICIPALIDAD PROVINCIAL DEL CUSCOcBIBLIOTECA MUNICIPAL DEL CUSCO a818.44 / bT9824ed.25ed. aTwain, Mark aNovelas completas y ensayos / aMadrid :bAguilar,c1966-c1967 a2 tomos ;c18 cm. aContenido: t.1 La rana saltarina. Pasando fatigas. La edad dorada. Aventuras de Tom Sawyer. El príncipe y el mendigo. Tom Sawyer, en el extranjero. La vida en el Mississippí. Tom Sawyer, detective. Historia detectivesca de dos cañones. Mi novia platónica. Ensayos literarios (10 trabajos) -- t.2. Aventuras de Huckleberry Finn. Un yanqui de Connecticut en la Corte del Rey Arturo. Un pretendiente norteamericano. El billete del millón de libras. El calabaza Wilson. Los prodigiosos mellizos. Mis recuerdos personales de Juana de Arco. El hombre que corrompió a Hadleyburg. La historia de un caballo. El capitán Tormenta visita el Cielo. El forastero misterioso. La ficha mortal. La novela de la Doncella esquimal. Ensayos humorísticos (34 trabajos). aEnsayos estadounidenses aNovelas estadounidenses aNovelas siglo XIX a Lázaro Ros, Amando (traductor)